| 000 | 00404nam a2200145 a 4500 | ||
|---|---|---|---|
| 001 | 2906 | ||
| 003 | CDMR | ||
| 005 | 20130116135237.0 | ||
| 008 | 130130s2003||||||||||||||||||||||||||||d | ||
| 040 |
_aCDMR _bcat _cCPC GIRONA |
||
| 100 | 1 |
_aCosta i Fernández, Lluís _9647 |
|
| 245 | 1 | 0 |
_aMitjans de comunicació a Girona (1787-2003) _cCosta i Fernández, Lluís |
| 260 |
_c2003 _bAjuntament Girona |
||
| 942 | _cMON | ||
| 999 |
_c2906 _d2906 |
||